00322nam a2200121Ia 4500008004100000041000800041082001500049100001500064245004500079260003800124300003300162365000500195240624s9999 xx 000 0 und d aeng a005.54 DOD aDODGE MARK aRUNNING MICROSOFT EXCEL 2000 THE COMPLET c1999aWashingtonbMicrosoft Press axxiii, : 994 : p. : cm. ; 23 c